000 00716nam a2200181 4500
999 _c17086
_d17086
008 220602b ||||| |||| 00| 0 eng d
022 _a0732-8435
082 _aDPer 657.05 C33 Sept - Dec 2012, v. 82 n. 9 - 12
100 _aNotbohm, Matthew.
_945406
245 _aPCAOB auditor inspections and foreign auditors:
_bquestions about audit quality/
_cMatthew Notbohm, Dee Ann Ellingson and Katherine Campbell.
260 _aNew York:
_bThe New York State Society of CPA,
_c©2012.
300 _av82 n11, pages 32-35:
_b illustrations:
_c28 cm.
500 _aThe CPA Journal.
650 _aAuditing.
_945407
700 _aEllingson, D. A,
_eAuthor.
_945408
700 _aCampbell, K.
_eAuthor.
_945409
942 _2ddc
_cPER